| 000 | 00360nam a2200145Ia 4500 | ||
|---|---|---|---|
| 008 | 150201s2003 xx 000 0 und d | ||
| 082 |
_a616.0707 _bC2003N |
||
| 100 | _aNEVILLE | ||
| 245 | _aCOLOR ATLAS OF CLINICAL ORAL PATHOLOGY | ||
| 250 | _a2ND | ||
| 260 |
_bB.C.DECKER _aTORONTO _c2003 |
||
| 300 | _a1-484 | ||
| 650 | _aORAL PATHOLOGY | ||
| 942 |
_2ddc _cBK _01 |
||
| 999 |
_c3747 _d3747 |
||